Advances in Tall Buildings / (Record no. 2162)

MARC details
000 -LEADER
fixed length control field 00589nam a2200205 a 4500
003 - CONTROL NUMBER IDENTIFIER
control field PK-NaQUE
005 - DATE AND TIME OF LATEST TRANSACTION
control field 20251211121654.0
008 - FIXED-LENGTH DATA ELEMENTS--GENERAL INFORMATION
fixed length control field 251211b ||||| |||| 00| 0 eng d
020 ## - INTERNATIONAL STANDARD BOOK NUMBER
International Standard Book Number 0442215991 (hardcover)
020 ## - INTERNATIONAL STANDARD BOOK NUMBER
International Standard Book Number 9780442215996 (hardcover)
040 ## - CATALOGING SOURCE
Transcribing agency QUEST
100 ## - MAIN ENTRY--PERSONAL NAME
Personal name Beedle, Lynn S.
245 10 - TITLE STATEMENT
Title Advances in Tall Buildings /
260 ## - PUBLICATION, DISTRIBUTION, ETC. (IMPRINT)
Place of publication, distribution, etc [S.l.] :
Name of publisher, distributor, etc Van Nostrand Reinhold,
Date of publication, distribution, etc 1986.
300 ## - PHYSICAL DESCRIPTION
Extent 693 p. ;
650 ## - SUBJECT ADDED ENTRY--TOPICAL TERM
Topical term or geographic name as entry element Tall buildings.
650 ## - SUBJECT ADDED ENTRY--TOPICAL TERM
Topical term or geographic name as entry element Structural engineering.
856 40 - ELECTRONIC LOCATION AND ACCESS
Uniform Resource Identifier <a href="http://10.10.170.122:8080/browse/book/29101">http://10.10.170.122:8080/browse/book/29101</a>
Link text Download eBook
942 ## - ADDED ENTRY ELEMENTS (KOHA)
Koha item type Books
Source of classification or shelving scheme Dewey Decimal Classification
Holdings
Withdrawn status Lost status Source of classification or shelving scheme Damaged status Not for loan Collection code Home library Current library Date acquired Cost, normal purchase price Total Checkouts Full call number Barcode Date last seen Koha item type Price effective from
    Dewey Decimal Classification     Reference Reference Section Reference Section 10/05/2014 3050.93   721.42BEE (Shelf - 95D) 16971 10/05/2014 Books  
    Dewey Decimal Classification       Seminar Library, Civil Engg. Seminar Library, Civil Engg. 17/09/2014     721.42BEE 16748 17/09/2014 Books 17/09/2014